000 00437nmm a2200157Ia 4500
008 251105s9999||||xx |||||||||||||||||und||
020 _a9788431527280
041 _aspa
100 _aFaligot, Urbain
245 0 _aLos cátaros :
_b Del rigor a la pureza
264 _a[Madrid, España] :
_bDe Vecchi,
_c2000
300 _a0 páginas
650 _aReligion(s)
856 _uhttps://public.digitaliapublishing.com/a/31119
942 _cCF
999 _c81136
_d81136